000 01017nam a22003497a 4500
001 BR2012001617
003 BR-BrBNA
005 20230928103912.0
007 ta
008 230509b bl.||||| |||| 00| 0 por d
040 _aBR-BrBNA
_bpor
_cBiblioteca Nacional de Agricultura
041 _a(Por)
072 _aK10
_b3200
090 _ 3200 BR2012001617
100 1 _aCosta, K.L.
110 1 _aUniversidade Federal de Lavras, MG (Brasil)
_0Tese (Mestrado)
245 1 _aCrescimento de Tectona grandis (Teca)em sistema silvicultural de talhadia composta em Minas Gerais
260 3 _aLavras, MG (Brasil):
_c2011.
300 _a97 p.
500 _aSummaries (Eng, Por); Several bibliography; 6 illus.; 13 tables
650 _aTECA
650 _aTECTONA GRANDIS
650 _aSILVICULTURA
650 _aDESBASTE
650 _aESPAÇAMENTO
650 _aCRESCIMENTO
650 _aMADEIRA
650 _aQUALIDADE
650 _aMINAS GERAIS
909 _a202309
_bLucia
_c55
_dLucia Elande
942 _cBK
999 _c77159
_d77159